00361nam a22000977a 4500040000900000100002000009245009500029942001200124999001900136952010800155 cSCME aHan Gang986520 aRead china how china’s development shapes Chinese people’s lives in the changing world 2ddccBK c589567d589567 00102ddc4070aSCMEbSCMEcCARTd2022-05-10l0o370.951 G1971FpSCME-D246r2022-05-10w2022-05-10yBK